书目信息 |
| 题名: |
语言接触导论
|
|
| 作者: | 拉萨·G.托马森 著 ;赵长才 , 遇笑容 , 祖生利 译 | |
| 分册: | ||
| 出版信息: | 北京 商务印书馆 2025 |
|
| 页数: | 583页 | |
| 开本: | 20cm | |
| 丛书名: | ||
| 单 册: | ||
| 中图分类: | H0 | |
| 科图分类: | ||
| 主题词: | 语言学 | |
| 电子资源: | ||
| ISBN: | 7-100-25515-5 | |
| 000 | 00775nam0 2200229 450 | |
| 001 | 2552729123 | |
| 005 | 20251217144215.06 | |
| 010 | @a7-100-25515-5@dCNY95.00 | |
| 100 | @a20251217d2025 km y0chiy0120 ea | |
| 101 | 0 | @achi |
| 102 | @aCN@b110000 | |
| 200 | 1 | @a语言接触导论@AYu Yan Jie Chu Dao Lun@f(美)拉萨·G.托马森著@F(Mei)La Sa·G.Tuo Ma Sen Zhu@g赵长才,遇笑容,祖生利译@GZhao Chang Cai,Yu Xiao Rong,Zu Sheng Li Yi |
| 210 | @a北京@c商务印书馆@d2025 | |
| 215 | @a583页@d20cm | |
| 606 | 0 | @a语言学 |
| 690 | @aH0@v4 | |
| 701 | 0 | @a拉萨·G.托马森@ALa Sa·G.Tuo Ma Sen@4著 |
| 702 | 0 | @a赵长才@AZhao Chang Cai@4译 |
| 702 | 0 | @a遇笑容@AYu Xiao Rong@4译 |
| 702 | 0 | @a祖生利@AZu Sheng Li@4译 |
| 801 | 0 | @aCN@b大连网信软件有限公司图书馆·11@c20251217 |
| 905 | @aZUCC@dH0@e402 | |
| 语言接触导论/(美)拉萨·G.托马森著/赵长才,遇笑容,祖生利译.-北京:商务印书馆,2025 |
| 583页;20cm |
| ISBN 7-100-25515-5:CNY95.00 |
| ● |
| 相关链接 |
|
|
|
|
正题名:语言接触导论
索取号:H0/402
 
预约/预借
| 序号 | 登录号 | 条形码 | 馆藏地/架位号 | 状态 | 备注 |
| 1 | 1442037 | 214420376 | 第二样本阅览室/ [索取号:H0/402] |
已借出,限还日期为2035.12.17 借出人:刘巍 |